| 000 | 00584nam a22002417a 4500 | ||
|---|---|---|---|
| 003 | OSt | ||
| 005 | 20180116182959.0 | ||
| 008 | 140714b xxu||||| |||| 00| 0 eng d | ||
| 020 | _a9788126537884 | ||
| 022 | _a9788126537884 | ||
| 040 | _c0 | ||
| 050 | _a658.15 | ||
| 082 | _a658.15 | ||
| 100 | _aDamodaran,Aswath. | ||
| 245 |
_aApplied Corporate Finance. _cAswath Damodaran |
||
| 250 | _a3rd. | ||
| 260 |
_aNew Delhi _bWiley _c2011 |
||
| 300 | _a738p. | ||
| 500 | _aPaper Cover | ||
| 600 | _aDamodaran,Aswath. | ||
| 700 | _aDamodaran,Aswath. | ||
| 942 |
_2ddc _cBK _k658.15 |
||
| 999 |
_c349747 _d349747 |
||